Eastern Utah Libraries Catalog: Duchesne, Heber, Roosevelt, & Vernal

Bob Dylan, don't look back (Record no. 261390)

MARC details
000 -LEADER
fixed length control field 02634ngm a2200505Ma 4500
001 - CONTROL NUMBER
control field ocm48611213
003 - CONTROL NUMBER IDENTIFIER
control field OCoLC
005 - DATE AND TIME OF LATEST TRANSACTION
control field 20200320180755.0
007 - PHYSICAL DESCRIPTION FIXED FIELD--GENERAL INFORMATION
fixed length control field vd bgaizs
008 - FIXED-LENGTH DATA ELEMENTS--GENERAL INFORMATION
fixed length control field 000615p19991967nyu096 vleng d
020 ## - INTERNATIONAL STANDARD BOOK NUMBER
International Standard Book Number 0767022165
020 ## - INTERNATIONAL STANDARD BOOK NUMBER
Terms of availability 21.95
024 1# - OTHER STANDARD IDENTIFIER
Standard number or code 767685944738
028 42 - PUBLISHER NUMBER
Publisher number NVG-9447
Source Docurama
040 ## - CATALOGING SOURCE
Original cataloging agency VP@
Transcribing agency VP@
Modifying agency OCLCQ
-- UV$
-- OCLCQ
-- WACOL
043 ## - GEOGRAPHIC AREA CODE
Geographic area code e-uk-en
049 ## - LOCAL HOLDINGS (OCLC)
Holding library WACL
082 #4 - DEWEY DECIMAL CLASSIFICATION NUMBER
Classification number 781.57
090 ## - LOCALLY ASSIGNED LC-TYPE CALL NUMBER (OCLC); LOCAL CALL NUMBER (OCLC)
Classification number (OCLC) (R) ; Classification number, CALL (RLIN) (NR) ML420.D98
Local cutter number (OCLC) ; Book number/undivided call number, CALL (RLIN) B63 1999
092 ## - LOCALLY ASSIGNED DEWEY CALL NUMBER (OCLC)
Classification number DVD
Item number Bob
245 00 - TITLE STATEMENT
Title Bob Dylan, don't look back
Medium [videorecording] /
Statement of responsibility, etc Pennebaker Hedeus Films ; produced by Albert Grossman, John Court ; directed by D.A. Pennebaker.
246 30 - VARYING FORM OF TITLE
Title proper/short title Don't look back
250 ## - EDITION STATEMENT
Edition statement Director's cut collector's ed.
260 ## - PUBLICATION, DISTRIBUTION, ETC. (IMPRINT)
Place of publication, distribution, etc New York, N.Y. :
Name of publisher, distributor, etc Docurama :
-- Distributed by New Video,
Date of publication, distribution, etc c1999.
300 ## - PHYSICAL DESCRIPTION
Extent 1 videodisc (96 min.) :
Other physical details sd., b&w ;
Dimensions 4 3/4 in.
500 ## - GENERAL NOTE
General note With: Five original, uncut audio performances, film trailer, cue card scene (alternate take), DVD credits, D.A. Pennebaker filmography, Bob Dylan discography, biographies of the cast and crew, commentary with D.A. Pennebaker and Bob Neuwrith.
500 ## - GENERAL NOTE
General note Program notes on container insert.
505 0# - FORMATTED CONTENTS NOTE
Formatted contents note Bob Dylan: Subterranean Homesick Blues--All I really want to do--Maggie's farm--Only a pawn in their game--The times they are a-changin'--To Ramona--The lonesome death of Hattie Carroll--Lost highway--I'm so lonesome I could cry--Don't think twice, it's all right--It's all over now, baby blue-- Talkin' world war III blues--It's alright, Ma (I'm olny bleeding)--Gates of Eden--Love minus zero/no limit--It ain't me babe. Joan Baez: Percy's song--Love is just a four letter word--Family reunion. Donovan: To sing for you--Why do you treat me like you do. Alan Price: Leaning on a lamppost--Little things.
511 1# - PARTICIPANT OR PERFORMER NOTE
Participant or performer note Bob Dylan, Joan Baez, Donovan, Alan Price.
518 ## - DATE/TIME AND PLACE OF AN EVENT NOTE
Date/time and place of an event note Recorded live in England in 1965.
520 ## - SUMMARY, ETC.
Summary, etc Portrait of the artist as a young man. In spring, 1965, Bob Dylan, 23, a pixyish troubador, spends three weeks in England.
538 ## - SYSTEM DETAILS NOTE
System details note DVD stereo.
600 10 - SUBJECT ADDED ENTRY--PERSONAL NAME
Personal name Dylan, Bob,
Dates associated with a name 1941-
9 (RLIN) 2903
650 #0 - SUBJECT ADDED ENTRY--TOPICAL TERM
Topical term or geographic name as entry element Popular music
Chronological subdivision 1961-1970.
9 (RLIN) 94912
650 #0 - SUBJECT ADDED ENTRY--TOPICAL TERM
Topical term or geographic name as entry element Documentary films.
9 (RLIN) 5829788
700 1# - ADDED ENTRY--PERSONAL NAME
Personal name Pennebaker, D. A.
9 (RLIN) 21926
700 1# - ADDED ENTRY--PERSONAL NAME
Personal name Dylan, Bob,
Dates associated with a name 1941-
9 (RLIN) 2903
700 1# - ADDED ENTRY--PERSONAL NAME
Personal name Baez, Joan.
9 (RLIN) 5709357
700 0# - ADDED ENTRY--PERSONAL NAME
Personal name Donovan.
9 (RLIN) 5829789
700 1# - ADDED ENTRY--PERSONAL NAME
Personal name Price, Alan,
Dates associated with a name 1941-
9 (RLIN) 5829790
942 ## - ADDED ENTRY ELEMENTS (KOHA)
Koha item type DVD
948 ## - LOCAL PROCESSING INFORMATION (OCLC); SERIES PART DESIGNATOR (RLIN)
Series part designator, SPT (RLIN) 08/24/2005
z (OCLC) Sirsi
994 ## -
-- 02
-- WACOL
996 ## -
-- 43162
-- 34301001009408
-- dvd
-- dvd
-- wcl
-- i
-- 83
-- 21.95
-- MicroMarketing
-- 781.66 Bob
-- 08/24/2005
-- 03/08/2018
-- 03/01/2018
Holdings
Withdrawn status Lost status Source of classification or shelving scheme Damaged status Not for loan Collection code Home library Current library Shelving location Date acquired Source of acquisition Cost, normal purchase price Total Checkouts Total Renewals Full call number Barcode Date last seen Date checked out Cost, replacement price Price effective from Koha item type
    Dewey Decimal Classification     Movies Wasatch County Library Wasatch County Library Audio Visual Area 08/24/2005   21.95 86 1 DVD 781.66 Bob 34301001009408 05/04/2024 04/27/2024 21.95 03/20/2020 DVD
This project was made possible through a grant from the Institute of Museum and Library Service administered by the Utah State Library Division.

Wasatch County Library

  • 465 East 1200 South, Heber City, Utah 84032
  • Phone 435-654-1511 | Fax 435-654-6456

Hours

  • Monday - Friday 9:30 AM - 8:00 PM
  • Saturday 9:30 AM - 1:30 PM
  • Closed Sundays and Holidays